Química inorgánica moderna / J.J. Lawoski (Registro nro. 14233)
[ vista simple ]
| 000 -LÍDER | |
|---|---|
| fixed length control field | 00482nam a2200169 4500 |
| 008 - ELEMENTOS DE LONGITUD FIJA -- INFORMACIÓN GENERAL | |
| fixed length control field | 0 1978 0a 000 0ESP |
| 020 ## - NÚMERO INTERNACIONAL NORMALIZADO PARA LIBROS | |
| ISBN | 84-291-7322-6 |
| 050 ## - SIGNATURA TOPOGRAFICA DE LA BIBLIOTECA DEL CONGRESO (LC) | |
| Número de Clasificación | QD151 2 L34 |
| 082 ## - NUMERO DE CLASIFICACION DECIMAL DEWEY | |
| Número de Clasificación | 546 L118q |
| 100 ## - ASIENTO PRINCIPAL--NOMBRE PERSONAL | |
| Nombre personal | Lawoski, J.J. |
| 245 ## - TÍTULO | |
| Título | Química inorgánica moderna / J.J. Lawoski |
| 260 ## - PUBLICACIÓN, DISTRIBUCIÓN, ETC. (PIE DE IMPRENTA) | |
| Lugar de publicación, distribución, etc. | España : Reverté |
| 300 ## - DESCRIPCIÓN FÍSICA | |
| Extensión | 839 p. / 22cm |
| 500 ## - NOTA GENERAL | |
| Nota general | Incluye índice y bibliográfia |
| 650 ## - ASIENTO SECUNDARIO DE MATERIA - TERMINO TEMÁTICO | |
| Término temático o nombre geográfico como elemento de entrada | 1.QUÍMICA INORGANICA |
| 700 ## - ASIENTO SECUNDARIO - NOMBRE PERSONAL | |
| Nombre personal | Casabo Gispert, Jaime, Tr. |
| No. biblioteca | No. biblioteca | Número de clasificación | Código de barras/Número de adquisición | Número de copia | Tipo de material |
|---|---|---|---|---|---|
| LUIS G. INCLAN | LUIS G. INCLAN | 546 L118q | 25978 | 1 | Libros |
